Rev Paul Rostad-a sermon : (Record no. 9713)
[ view plain ]
| 000 -LEADER | |
|---|---|
| fixed length control field | 00542nam a22001577a 4500 |
| 003 - CONTROL NUMBER IDENTIFIER | |
| control field | GBCCL |
| 005 - DATE AND TIME OF LATEST TRANSACTION | |
| control field | 20241126110717.0 |
| 008 - FIXED-LENGTH DATA ELEMENTS--GENERAL INFORMATION | |
| fixed length control field | 230626b ||||| |||| 00| 0 eng d |
| 040 ## - CATALOGING SOURCE | |
| Transcribing agency | gbc |
| 082 ## - DEWEY DECIMAL CLASSIFICATION NUMBER | |
| Classification number | VER 252 |
| Item number | ROS |
| 245 ## - TITLE STATEMENT | |
| Title | Rev Paul Rostad-a sermon : |
| Remainder of title | Manipur chhim thlang biala missionary awm rei ber leh hnathawk hnem ber Rev Paul Rostad-a sermon Herald of truth a tanga lakchhuah / |
| Statement of responsibility, etc. | compiled by Rev Dr Lalhmuoklien |
| 260 ## - PUBLICATION, DISTRIBUTION, ETC. | |
| Place of publication, distribution, etc. | Nehru marg , Manipur : |
| 600 ## - SUBJECT ADDED ENTRY--PERSONAL NAME | |
| Personal name | Rostad,Paul |
| 9 (RLIN) | 16877 |
| 650 ## - SUBJECT ADDED ENTRY--TOPICAL TERM | |
| Topical term or geographic name entry element | Sermon |
| 9 (RLIN) | 9527 |
| 942 ## - ADDED ENTRY ELEMENTS (KOHA) | |
| Source of classification or shelving scheme | Dewey Decimal Classification |
| Koha item type | Books |
| Withdrawn status | Lost status | Source of classification or shelving scheme | Damaged status | Not for loan | Home library | Current Library | Shelving location | Date acquired | Total checkouts | Full call number | Barcode | Date last seen | Copy number | Price effective from | Koha item type |
|---|---|---|---|---|---|---|---|---|---|---|---|---|---|---|---|
| Dewey Decimal Classification | GRACE BIBLE COLLEGE | GRACE BIBLE COLLEGE | Vernacular | 2023-06-26 | VER 252 ROS | 015996 | 2025-05-01 | c.1 | 2023-06-26 | Books |